|
|
|
|
| LEADER |
00945nam a2200277 a 4500 |
| 001 |
c000185434 |
| 003 |
CARM |
| 005 |
20040919184715.0 |
| 008 |
680301s1967 enka b 000 0 eng |
| 015 |
|
|
|a B67-22808
|
| 019 |
1 |
|
|a 17637
|5 LACONCORD2021
|
| 035 |
|
|
|a (OCoLC)457270
|5 LACONCORD2021
|
| 040 |
|
|
|a LC
|b eng
|c LC
|
| 050 |
0 |
0 |
|a HV244
|b .O25 no. 21
|
| 082 |
0 |
4 |
|a 331.2/52
|
| 100 |
1 |
|
|a Lynes, Tony.
|
| 245 |
1 |
0 |
|a French pensions.
|
| 260 |
|
|
|a London,
|b Bell,
|c 1967.
|
| 300 |
|
|
|a 163 p.
|b tables.
|c 22 cm.
|
| 440 |
|
0 |
|a Occasional papers on social administration ;
|v no. 21.
|
| 504 |
|
|
|a Bibliographical footnotes.
|
| 650 |
|
0 |
|a Old age pensions
|z France.
|
| 650 |
|
0 |
|a Old age pensions
|z Great Britain.
|
| 852 |
8 |
|
|b CARM
|h A2:AK27B0
|i B05462
|p 0250580
|f BK
|
| 999 |
f |
f |
|i a1cc077f-dd81-50c7-9fcd-0f2ec716b33a
|s 99af93a5-c9a9-50fd-99c8-865d8bab2a97
|
| 952 |
f |
f |
|p Can circulate
|a CAVAL
|b CAVAL
|c CAVAL
|d CARM 1 Store
|e B05462
|f A2:AK27B0
|h Other scheme
|i book
|m 0250580
|